Missing Word: 'M' Literature II Quiz Stats

Quiz Updated Mar 1, 2016

Challenge
Share
Tweet
Embed
Score 0/20 Timer 03:00
2 Plays Today
Title 'M' Word % Correct
_____ PoppinsMary
97.9%
Les _______Miserables
96.6%
The Old ___ and the SeaMan
96.5%
The Count of _____ CristoMonte
95.8%
______ on the Orient ExpressMurder
85.4%
_____ of VeniceMerchant
84.7%
New ____Moon
74.6%
The Glass _____Menagerie
68.4%
A _____ Little PiecesMillion
66.2%
Cold ________Mountain
62.7%
Title 'M' Word % Correct
Silas _____Marner
54.4%
_____ RiverMystic
49.6%
A Prayer for Owen ____Meany
47.2%
The _____ of the Red DeathMasque
42.6%
The _____ of Edwin DroodMystery
39.5%
Nineteen _______Minutes
26.6%
The ______ Keeper's DaughterMemory
20.4%
Beach _____Music
11.5%
Invisible ________Monsters
7.1%
_____ the DevilMemnoch
6.6%

Today's Daily Dose

You're not logged in!

Compare scores with friends on all Sporcle quizzes.
Join for Free
OR
Log In

You Might Also Like...

Show Comments

Extras

Top Quizzes Today


Score Distribution

Your Account Isn't Verified!

In order to create a playlist on Sporcle, you need to verify the email address you used during registration. Go to your Sporcle Settings to finish the process.

Report this User

Report this user for behavior that violates our Community Guidelines.

Details: